[Kertaskerja - kertaskerja Simposium Pegawai Penilaian Ke-VI diadakan pada 10 - 13 Ogos 2009 di Hotel Impiana, Cherating ]

Bibliographic Details
Corporate Authors: Simposium Pegawai Penilaian, Institut Penilaian Negara, Kementerian Kewangan
Format: Book
Language:English
Published: 2009
Subjects:

MARC

LEADER 00000cam a2200000 7i4500
001 0000022419
005 20090908.0
008 090908 my a eng
040 |a INS 
090 0 0 |a S229 
110 2 |a Simposium Pegawai Penilaian   |n VI   |k 2009   |c Hotel Impiana, Cherating 
245 1 0 |a [Kertaskerja - kertaskerja Simposium Pegawai Penilaian Ke-VI diadakan pada 10 - 13 Ogos 2009 di Hotel Impiana, Cherating ] 
260 |a 2009 
300 |a 1v. (Mukasurat pelbagai) :   |b ill. ;   |c 30cm. 
500 |a Anjuran Institut Penilaian Negara dan Jabatan Penilaian dan Perkhidmatan Harta, Kementerian Kewangan Malaysia 
500 |a Tema : Satu JPPH : Transformasi ke arah kegemilangan 
650 0 |a Pegawai Penilaian   |v Congresses 
650 0 |a Real estate property   |z Malaysia   |v Congresses 
710 1 |a Institut Penilaian Negara 
710 1 |a Kementerian Kewangan ,   |c Jabatan Penilaian dan Perkhidmatan Harta ,   |c Institut Penilaian Negara 
999 |a S000000452   |b BOOK   |c Seminar   |e Default branch 
999 |a S000000453   |b BOOK   |c Seminar   |e Default branch 
999 |a S000000454   |b BOOK   |c Seminar   |e Default branch 
999 |a S000000556   |b BOOK   |c Poster   |e Default branch